00494nam a2200193 a 4500001001300000003000900013005001700022008003800039020002300077082001600100100001800116245003500134260003700169300000900206500003500215505001200250650002000262700001800282nice12345678IN_TiNIC20260116014922.0100923s1966 a grp 000 0 eng  a9780198369158c10000a296.09bAND aAnderson, G W aHistory and Religion of Israel abOxford University Press c1966 a210p aincludes index and biblioraphy2 aIndices aJudaism-History1 aAnderson, G W